00821nam a22001937a 4500003000900000008004100009040007100050082001700121100002900138245011500167260002700282300002700309505017100336650002900507650001600536650002900552700002400581700002200605AR-CdUCM190507b ||||| |||| 00| 0 spa d aMUNICIPALIDAD PROVINCIAL DEL CUSCOcBIBLIOTECA MUNICIPAL DEL CUSCO a980.5 /bD52 aDegregori, Carlos Iván aIndigenismo, clases sociales y problema nacional :bLa discusión sobre el problema indígena en el Perú / aLima :bCelats,c1537. a251 páginas;c23 cm. aContenido: Problemática nacional -- Clases sociales en el Perú -- Planteamiento de Haya de la Torre y José Carlos Mariátegui sobre el problema indígena... aProblemática del indio aIndigenismo aEstratificación social aValderrama, Mariano aAlfajeme, Augusta